Chelsea FC Squad Champions League 2025/2026 - Statistics

General Stats
  • This quiz has been taken 33 times
  • The average score is 20 of 23
Answer Stats
Picture Answer % Correct
Robert Sánchez
100%
Alejandro Garnacho
97%
Cole Palmer
97%
Enzo Fernández
97%
Marc Cucurella
97%
Estêvão
93%
João Pedro
93%
Liam Delap
93%
Malo Gusto
93%
Marc Guiu
93%
Moises Caicedo
93%
Pedro Neto
93%
Reece James
93%
Trevoh Chalobah
90%
Wesley Fofana
90%
Andrey Santos
86%
Benoît Badiashile
86%
Levi Colwill
86%
Jamie Gittens
83%
Tosin Adarabioyo
79%
Filip Jørgensen
76%
Jorrel Hato
76%
Facundo Buonanotte
59%
No matching quizzes found
Score Distribution
Percent of People with Each Score
Percentile by Number Answered
Your Score History
You have not taken this quiz